000 00568nam a2200217 a 4500
999 _c5491
_d5491
001 5491
003 BD-JhCC
005 20171217121912.0
008 171217s1961 e a|||| || | 000 0 eng d
035 _a(BD-JhCC)5491
040 _aBD-JhCC
_dBD-JhCC
041 _aeng
082 _a627.13
_bMUR 1961
100 _aMurphy, John Stewart
245 _aChanals :
_bHow they were Built /
_cJohn Stewart Murphy,
260 _aLondon :
_bOxford University Press,
_c1961.
300 _a31 p. :
_bill. ;
_c25 cm.
650 _aHydraulic
942 _2ddc
_cBK